00717nam a2200181 a 450000100100000000500170001000800410002704000250006808200160009311000320010924000190014124500960016026000710025630000200032770000570034795201140040499900170051800001348220240704114906.0091125s2006 dr r 000 0 spa d aDO-SdBNPbspacBNPHU axxxxbR426e1 aRepública Dominicana944713a[ Leyes, etc.]10aEstatuto del ministerio público ley 78 - 03 /cPresentación Aura Celeste Fernández R. aSanto Domingo :bEscuela Nacional del Ministerio Público,c2006. a94 p. ;c23 cm.1 aFernández Rodríguez, Aura Celeste,d1959-976547 0010718PDaPDbPDcCTd2009-11-25iLF1l0oxxxx R426ep13482-10r2020-06-25w2020-06-25yLFPDZNo se presta c13106d13106